| 000 | 01789cam a22004574i 4500 | ||
|---|---|---|---|
| 003 | PE-LiUPU | ||
| 005 | 20250731173130.0 | ||
| 008 | 150623s r 000 0 d | ||
| 020 | _a0801054001 | ||
| 035 | _a(Sirsi) i9780801054006 | ||
| 040 |
_aPE-LiUPU _bspa _cPE-LiUPU _erda |
||
| 049 | _aPRUA | ||
| 082 | 0 | 4 |
_a248.4 _bK57 _221 |
| 100 | 1 |
_aKirby, Scott, _eautor. |
|
| 245 | 1 | 0 |
_aDating : _bguidelines from the Bible / _cScott Kirby. |
| 264 | 1 |
_aGrand Rapids, Michigan : _bBaker Book House, _c1979. |
|
| 300 |
_a152 páginas ; _c18 centímetros |
||
| 336 |
_atext _2rdacontent |
||
| 337 |
_aunmediated _2rdamedia |
||
| 338 |
_avolume _2rdacarrier |
||
| 504 | _aIncluye bibliografía. | ||
| 505 | 0 | _aIn the beginning. How to like yourself. How to know if you are in love. What about dating non-christians?. What makes a great dating relationship?. Flirting.. and other things. How far is too far?. How to keep from going too far. Living with loneliness (no dates!). Breaking up is hard to do. How to pick a miss or mister. To wed or not to wed?. Engagement and marriage. | |
| 526 | _aSEG42 | ||
| 526 | _aSEG41 | ||
| 526 | _aSEG40 | ||
| 526 | _aSEG39 | ||
| 526 | _aP94 | ||
| 526 | _aP87 | ||
| 526 | _aP86 | ||
| 526 | _aP85 | ||
| 526 | _aP77 | ||
| 526 | _aP76 | ||
| 526 | _aP35 | ||
| 650 | 0 | 4 |
_aVida cristiana _xGuía. |
| 942 |
_2ddc _cBOOK |
||
| 949 |
_a248.4 K57 _wDEWEY _c1 _i51567 _lCCODEBUL1 _mBUL _p3.00 _r0 _sY _tBOOK _u2015-6-24 _xTEOLOGIA _PP35 _0COMPRA _o.STAFF. Colección General |
||
| 994 |
_aC0 _bPEPRU |
||
| 596 | _a1 | ||
| 999 |
_a248.4 K57 _wDEWEY _c33295 _i51567 _f2021-11-10 _g5 _lCCODEBUL1 _mBUL _p3.00 _r0 _sY _tBOOK _u2015-6-24 _xTEOLOGIA _PP35 _0COMPRA _o.STAFF. Colección General _d33295 |
||
| 980 |
_81 _gALBERTO SANCHEZ Responsable de Automatización |
||